Los derechos de los niños y niñas
Պահպանված է:
| Համատեղ հեղինակ: | |
|---|---|
| Ձևաչափ: | Գիրք |
| Լեզու: | իսպաներեն |
| Հրապարակվել է: |
Madrid
Dirección General de Protección Jurídica del Menor
1989
|
| Խորագրեր: | |
| Ցուցիչներ: |
Ավելացրեք ցուցիչ
Չկան պիտակներ, Եղեք առաջինը, ով նշում է այս գրառումը!
|
MARC
| LEADER | 00000nam a2200000 a 4500 | ||
|---|---|---|---|
| 001 | UCL2827 | ||
| 003 | CL-VaPUC | ||
| 008 | 031107e19890000SP |||||||||||||||||spa|d | ||
| 082 | 0 | 4 | |a 346.0135 |b MIN |2 21 |
| 110 | 2 | |a Ministerio de Asuntos Sociales |e author |9 479955 | |
| 245 | 1 | 4 | |a Los derechos de los niños y niñas |
| 300 | |a pág. irreg | ||
| 942 | |c BK | ||
| 945 | |d 20031107 00:00:00 |a cmena | ||
| 260 | |a Madrid |b Dirección General de Protección Jurídica del Menor |c 1989 | ||
| 650 | 0 | |a Derechos del niño |9 258728 | |
| 650 | 0 | |a Integración social |9 319662 | |
| 650 | 0 | |a Niños |9 255605 | |
| 583 | |a last modification |c 20031107 00:00:00 |k Rodrigo Vera | ||
| 999 | |c 306006 |d 306004 | ||
| 952 | |0 0 |1 0 |4 0 |6 346_013500000000000_MIN_1989 |7 0 |8 P |9 370639 |a BIBEDU |b BIBEDU |c BIBEDU_PB |d 2019-11-21 |i 3942155 |o 346.0135 MIN 1989 |p 3942155 |r 2024-01-25 |w 2019-11-21 |y BK |k EPE | ||